000 00491nam a2200181Ia 4500
999 _c9597
_d9597
003 OSt
005 20191224124139.0
008 190216s9999||||xx |||||||||||||| ||und||
020 _a0706920333
040 _coclc
082 _a339
_bVAI/M
100 _aVaish, M C
_9550
245 0 _aMacroeconomic Theory /
_c M C Vaish
260 _bVikas Publishing House,
_c1973.
_aNew Delhi:
300 _a559p
650 _aEconomics
942 _cBK
_2ddc
_h339
_iVAI/M
_k339
_mVAI/M